Most venomous snakes - Statistics

General Stats
  • This quiz has been taken 232 times
  • The average score is 6 of 11
Answer Stats
Answer % Correct
Black Mamba
92%
Eastern Diamondback
79%
Inland Taipan
79%
Philippine Cobra
77%
Saw scaled viper
59%
Death Adder
57%
Eastern Brown Snake
57%
Blue Krait
45%
Tiger Snake
38%
Belcher's Sea Snake
7%
Common Lancehead
4%
No matching quizzes found
Score Distribution
Percent of People with Each Score
Percentile by Number Answered
Your Score History
You have not taken this quiz